| 000 -LEADER |
| fixed length control field |
00698nam a2200205 a 4500 |
| 001 - CONTROL NUMBER |
| control field |
:::00021336$&:&@@ |
| 003 - CONTROL NUMBER IDENTIFIER |
| control field |
OkBaRHE |
| 005 - DATE AND TIME OF LATEST TRANSACTION |
| control field |
20071219131054.0 |
| 008 - FIXED-LENGTH DATA ELEMENTS--GENERAL INFORMATION |
| fixed length control field |
s1997 j 000 0 eng u |
| 020 ## - INTERNATIONAL STANDARD BOOK NUMBER |
| International Standard Book Number |
0882436554 |
| 040 ## - CATALOGING SOURCE |
| Transcribing agency |
|
| 100 1# - MAIN ENTRY--PERSONAL NAME |
| Personal name |
St. John, Clarence |
| 245 10 - TITLE STATEMENT |
| Title |
Taking the field : |
| Remainder of title |
reaching out and including the unchurched |
| Statement of responsibility, etc |
Additional author St John, Vicky |
| 260 ## - PUBLICATION, DISTRIBUTION, ETC. (IMPRINT) |
| Place of publication, distribution, etc |
Springfield, MO |
| Name of publisher, distributor, etc |
Gospel Publishing House |
| Date of publication, distribution, etc |
c1997 |
| 300 ## - PHYSICAL DESCRIPTION |
| Extent |
128 p |
| 490 0# - SERIES STATEMENT |
| Series statement |
We Build People Series |
| 650 ## - SUBJECT ADDED ENTRY--TOPICAL TERM |
| Topical term or geographic name as entry element |
Witness bearing (Christianity), Evangelistic Work |
| 942 ## - ADDED ENTRY ELEMENTS (KOHA) |
| Source of classification or shelving scheme |
|
| Koha item type |
Books |